| 000 | 00620nam a2200217Ia 4500 | ||
|---|---|---|---|
| 003 | OSt | ||
| 005 | 20241007045934.0 | ||
| 008 | 240925s9999 xx 000 0 und d | ||
| 020 | _a9780071746502 | ||
| 040 | _cAACR2 | ||
| 082 | _a185.5082 MIL | ||
| 100 | _aMiller ,Lee E. | ||
| 245 | 2 | _aA Woman's Guide to Successful Negotiating: how to convince collaborate, and create your way to agreement | |
| 250 | _aNA | ||
| 260 |
_aNew York: _bMc Graw HIll _c,2011. |
||
| 300 |
_axv,958p. _bN.A _fOriginal |
||
| 500 | _aIncludes Index | ||
| 600 | _aHumanities & Natural Science | ||
| 650 | _aPhilosophy | ||
| 942 |
_cBK _2ddc |
||
| 999 |
_c12212 _d12212 |
||